Welcome to CU Library Online Public Access Catalogue (OPAC)

Heat transfer / (Record no. 1602)

MARC details
000 -LEADER
fixed length control field 00534pam a2200193 a 4500
001 - CONTROL NUMBER
control field 1199280
005 - DATE AND TIME OF LATEST TRANSACTION
control field 20241127121419.0
008 - FIXED-LENGTH DATA ELEMENTS--GENERAL INFORMATION
fixed length control field 980724s1999 njua b 001 0 eng
020 ## - INTERNATIONAL STANDARD BOOK NUMBER
International Standard Book Number 0139476245
050 00 - LIBRARY OF CONGRESS CALL NUMBER
Classification number TJ260
Item number .M52 1999
082 00 - DEWEY DECIMAL CLASSIFICATION NUMBER
Classification number 621.402/2
Edition information 21
100 1# - MAIN ENTRY--PERSONAL NAME
Personal name Mills, Anthony F.
245 10 - TITLE STATEMENT
Title Heat transfer /
Statement of responsibility, etc. A.F. Mills.
250 ## - EDITION STATEMENT
Edition statement 2nd ed.
260 ## - PUBLICATION, DISTRIBUTION, ETC.
Place of publication, distribution, etc. Upper Saddle River, N.J. :
Name of publisher, distributor, etc. Prentice Hall,
Date of publication, distribution, etc. c1999.
300 ## - PHYSICAL DESCRIPTION
Extent xxii, 954 p. :
Other physical details ill. ;
Dimensions 25 cm.
650 #0 - SUBJECT ADDED ENTRY--TOPICAL TERM
Topical term or geographic name entry element Heat
General subdivision Transmission.
942 ## - ADDED ENTRY ELEMENTS (KOHA)
Source of classification or shelving scheme Library of Congress Classification
Koha item type Books
Edition 2nd ed.
Suppress in OPAC No
999 ## -
-- 1602
-- 1602
Holdings
Withdrawn status Lost status Source of classification or shelving scheme Damaged status Not for loan Collection Home library Current library Shelving location Date acquired Total checkouts Full call number Barcode Date last seen Copy number Price effective from Koha item type
    Library of Congress Classification     Non-fiction Science Library (Miotso) Science Library (Miotso) General stacks 11/27/2024   QC319 MIL SLM00000922 11/27/2024 1 11/27/2024 Books
© 2023-2024 Copyright: Central University Libraries. All Rights Reserved | Created by: Mahone Tech Office